000 00189 a2200097 4500
020 _a9780769640693
041 _aspa
100 _aVivian French
245 _aUn gato con chaqueta
942 _cBK
999 _c7207
_d7207